Botánica : para primer año /

Guardado en:
Autor Principal: Santos Lara, José Angel Dos
Formato: Libro
Publicado: Buenos Aires : Troquel, 1971
Edición:21a. ed.
Materias:
Etiquetas: Agregar Etiqueta
Sin Etiquetas, Sea el primero en etiquetar este registro!
LEADER 01006nam a22002655a 4500
001 CEM.cems005777
005 20060214000000.0
008 130507s1971##################000#0#####d
003 CEMS
082 0 4 |a 580 
100 1 |a Santos Lara, José Angel Dos 
245 1 0 |a Botánica :  |b para primer año / 
250 |a 21a. ed. 
260 |a Buenos Aires :  |b Troquel,  |c 1971 
300 |a 308 p. 
505 0 |a Morfolog¡a de las plantas con flores.- Los plantas sis flores.- Citolog¡a y anatom¡a de la planta.- La vida de la planta.- La reproducci¢n.- Las plantas, el medio y el hombre 
653 |a Biología 2do. año 
653 |a Botanica 
653 |a Celula vegetal 
653 |a Criptogamas 
653 |a Fanerogamas 
859 |a CEMS  |b BIB. CEMS - 11 de abril  |h 580  |i Sa59a21  |p 12996.84  |t Ej.2 
859 |a CEMS  |b BIB. CEMS - 11 de abril  |h 580  |i Sa59a21  |p 14313.86  |t Ej.3 
859 |a CEMS  |b BIB. CEMS - 11 de abril  |h 580  |i Sa59a21  |p 15084.88  |t Ej.4 
859 |a CEMS  |b BIB. CEMS - 11 de abril  |h 580  |i Sa59a21  |p 5271.76  |t Ej.1